Countries Britian hasnt invaded. - Statistics

General Stats
  • This quiz has been taken 57 times
  • The average score is 6 of 22
Answer Stats
Answer % Correct
Mongolia
51%
Sweden
47%
Andorra
44%
Vatican City
44%
Liechtenstein
38%
Monaco
38%
D.R. Congo
36%
Luxembourg
35%
Central African Republic
31%
Bolivia
27%
Chad
27%
Uzbekistan
25%
Tajikistan
24%
Mali
22%
Paraguay
20%
Belarus
18%
Kyrgyzstan
16%
Burundi
15%
Ivory Coast
13%
Marshall Islands
11%
Sao Tome and Principe
11%
Guatemala
9%
No matching quizzes found
Score Distribution
Percent of People with Each Score
Percentile by Number Answered
Your Score History
You have not taken this quiz